00264nam a2200121Ia 45000030006000000080041000060400015000471000017000622450025000792600009001045460012001130050017001250STCL150530s9999 xx 000 0 und d aSTCLcSTCL aThomas Hardy aReturn of the native c1962 aEnglish20220125171020.0